00354nam a2200121Ia 4500001000800000005001700008008004100025020001800066245002100084260001800105999002100123952008800144127797020260417163041.0260417s9999 xx 000 0 und d a9786052050330 0aDenizin Gemileri bDokuz Çocuk c1277970d1277970 00104070a1107b1107d2026-04-17l0p1107569r2026-04-17 16:30:41w2026-04-17yBK